The John Zink Hamworthy combustion handbook / (Record no. 19615)
[ view plain ]
| 000 -LEADER | |
|---|---|
| fixed length control field | 01255cam a22003135a 4500 |
| 001 - CONTROL NUMBER | |
| control field | 17583082 |
| 005 - DATE AND TIME OF LATEST TRANSACTION | |
| control field | 20160217111000.0 |
| 008 - FIXED-LENGTH DATA ELEMENTS--GENERAL INFORMATION | |
| fixed length control field | 130108t2013 flua frbf 001 0 eng d |
| 020 ## - INTERNATIONAL STANDARD BOOK NUMBER | |
| International Standard Book Number | 9781439839621 (volume 1 : hardback : acidfree paper) |
| 020 ## - INTERNATIONAL STANDARD BOOK NUMBER | |
| International Standard Book Number | 9781439839645 (volume 2 : hardback : acidfree paper) |
| 020 ## - INTERNATIONAL STANDARD BOOK NUMBER | |
| International Standard Book Number | 9781439839669 (volume 3 : hardback : acidfree paper) |
| 020 ## - INTERNATIONAL STANDARD BOOK NUMBER | |
| International Standard Book Number | 9781439839614 (set) |
| 040 ## - CATALOGING SOURCE | |
| Original cataloging agency | IXA |
| Language of cataloging | eng |
| Transcribing agency | IXA |
| Modifying agency | IXA |
| -- | CSL |
| -- | DLC |
| -- | EG-ScBUE |
| -- | EG-ScBUE |
| 082 04 - DEWEY DECIMAL CLASSIFICATION NUMBER | |
| Classification number | 621.4023 |
| Item number | JOH |
| Edition number | 22 |
| 245 04 - TITLE STATEMENT | |
| Title | The John Zink Hamworthy combustion handbook / |
| Statement of responsibility, etc | edited by Charles E. Baukal. |
| 246 30 - VARYING FORM OF TITLE | |
| Title proper/short title | Combustion handbook |
| 250 ## - EDITION STATEMENT | |
| Edition statement | 2nd ed. |
| 260 ## - PUBLICATION, DISTRIBUTION, ETC. (IMPRINT) | |
| Place of publication, distribution, etc | Boca raton : |
| Name of publisher, distributor, etc | CRC press / Tayler & Francis Group, |
| Date of publication, distribution, etc | c.2013. |
| 300 ## - PHYSICAL DESCRIPTION | |
| Extent | 3 v. : |
| Other physical details | ill. ; |
| Dimensions | 29 cm. |
| 490 0# - SERIES STATEMENT | |
| Series statement | Industrial combustion series |
| 500 ## - GENERAL NOTE | |
| General note | Revised edition of : The John Zink combustion handbook. |
| 504 ## - BIBLIOGRAPHY, ETC. NOTE | |
| Bibliography, etc | Includes bibliographic references and indexes. |
| 505 0# - FORMATTED CONTENTS NOTE | |
| Formatted contents note | v. 1. Fundamentals -- v. 2. Design and operations -- v. 3. Applications. |
| 650 #0 - SUBJECT ADDED ENTRY--TOPICAL TERM | |
| Topical term or geographic name as entry element | Combustion engineering |
| Form subdivision | Handbooks, manuals, etc. |
| Source of heading or term | BUEsh |
| 651 ## - SUBJECT ADDED ENTRY--GEOGRAPHIC NAME | |
| Source of heading or term | BUEsh |
| 653 ## - INDEX TERM--UNCONTROLLED | |
| Resource For college | Engineering, General |
| Arrived date list | June2015 |
| -- | February2016 |
| 700 1# - ADDED ENTRY--PERSONAL NAME | |
| Personal name | Baukal, Charles E., |
| Titles and other words associated with a name | Jr., |
| Dates associated with a name | 1959- |
| Relator term | editor. |
| 942 ## - ADDED ENTRY ELEMENTS (KOHA) | |
| Source of classification or shelving scheme | Dewey Decimal Classification |
| Withdrawn status | Lost status | Source of classification or shelving scheme | Damaged status | Not for loan | Koha collection | Home library | Current library | Shelving location | Date acquired | Source of acquisition | Cost, normal purchase price | Total Checkouts | Full call number | Barcode | Date last seen | Cost, replacement price | Koha item type | Public note |
|---|---|---|---|---|---|---|---|---|---|---|---|---|---|---|---|---|---|---|
| Dewey Decimal Classification | Baccah | Central Library | Central Library | First floor | 11/06/2015 | Purchase | 1480.00 | 621.4023 JOH | 000038634 | 15/07/2025 | 1850.00 | NB - Book (Non borrowing) | VOL. 1. | |||||
| Dewey Decimal Classification | Baccah | Central Library | Central Library | First floor | 11/06/2015 | Purchase | 1480.00 | 621.4023 JOH | 000038633 | 15/07/2025 | 1850.00 | NB - Book (Non borrowing) | VOL. 2. | |||||
| Dewey Decimal Classification | Baccah | Central Library | Central Library | First floor | 11/06/2015 | Purchase | 1480.00 | 621.4023 JOH | 000038623 | 15/07/2025 | 1850.00 | NB - Book (Non borrowing) | VOL. 3. |